Oxford Advanced Learner's Dictionary / Of Current English (Record no. 4428)
[ view plain ]
| 000 -LEADER | |
|---|---|
| fixed length control field | 01427cam a22002054a 4500 |
| 005 - ΗΜΕΡΟΜΗΝΙΑ ΚΑΙ ΩΡΑ ΤΕΛΕΥΤΑΙΑΣ ΕΝΗΜΕΡΩΣΗΣ | |
| Πεδίο ελέγχου | 20250605164145.0 |
| 008 - FIXED-LENGTH DATA ELEMENTS--GENERAL INFORMATION | |
| Πεδίο ελέγχου σταθερού μήκους | 250528s ||||||||||||||||||||||||d |
| 035 ## - SYSTEM CONTROL NUMBER | |
| System control number | 19151 |
| 020 ## - ISBN | |
| ISBN | 194314227 |
| 040 ## - ΠΗΓΗ ΚΑΤΑΛΟΓΟΓΡΑΦΗΣΗΣ | |
| Φορέας πρωτότυπης καταλογογράφησης | MC Athens Campus Library |
| Γλώσσα καταλογογράφησης | Ελληνικά, Μοντέρνα (1453-) |
| Modifying agency | MC Athens Campus Library |
| Κανόνες περιγραφικής καταλογογράφησης | AACR2 |
| 245 1# - ΤΙΤΛΟΣ ΚΑΙ ΔΗΛΩΣΗ ΥΠΕΥΘΥΝΟΤΗΤΑΣ | |
| Τίτλος | Oxford Advanced Learner's Dictionary / Of Current English |
| 250 ## - EDITION STATEMENT | |
| Edition statement | 5th |
| 260 ## - PUBLICATION, DISTRIBUTION, ETC. | |
| Name of publisher, distributor, etc. | Oxford University Press, |
| Date of publication, distribution, etc. | 1995 |
| 300 ## - PHYSICAL DESCRIPTION | |
| Extent | 1430 |
| 520 ## - SUMMARY, ETC. | |
| Summary, etc. | Millions of students around the world have improved their written and spoken English using the Oxford Advanced Learner's Dictionary. Preface, Key to Dictionary Entries, Using Your Dictionary, The Dictionary, Language Study Pages, Linking Words Together, Phrasal Verbs, Collocation, Idioms, Polite Expressions, Nouns and Adjectives, Verbs, Maps and Geographical Information, Geographical Names, The World, Canada and the United States of America, The British Isles, Central Europe, Cultural Information, The Commonwealth, United Kingdom Constitution and Government, United States Constitution and Government, The Legal System in England and Wales, The legal System in the United States, The Vocabulary of English, Appendices, Irregular Verbs, Numbers, Punctuation and Writing, Family Relationships, Common First Names, Ranks in the Armed Forces, Chemical Elements, SI Units, Notes on Usage, Defining Vocabulary. |
| 700 1# - ΠΡΟΣΘΕΤΗ ΑΝΑΓΡΑΦΗ--ΦΥΣΙΚΟ ΠΡΟΣΩΠΟ | |
| Personal name | Crowther Jonathan |
| 9 (RLIN) | 5390 |
| 942 ## - ADDED ENTRY ELEMENTS (KOHA) | |
| Koha item type | Books |
| Τύπος τεκμηρίου | Βιβλιοθήκη | Τρέχουσα τοποθεσία | Barcode | Αριθμός εισαγωγής | Ημερομηνία απόκτησης | Ταξιθετικό σύμβολο | Αριθμός αντιτύπου | Κατάσταση απόσυρσης | Κατάσταση χαμένου | Κατάσταση κατεστραμμένου | Μη δανεισμός | Σύνολο δανεισμών | Ημερομηνία τελευταίας εμφάνισης | Η τιμή ισχύει από |
|---|---|---|---|---|---|---|---|---|---|---|---|---|---|---|
| Books | MC Athens Campus Library | MC Athens Campus Library | 9780000044273 | 5111 | 05/06/2025 | REF 423 CRO | 1 | 05/06/2025 | 05/06/2025 |